000 00341nam a2200133Ia 4500
008 240624s9999 xx 000 0 und d
041 _aeng
082 _a657 RAW
100 _aRAWAT D S
245 _aFUNDAMENTALS OF ACCOUNTING AND MERCANTIL
260 _c2006
_aNew Delhi
_bTaxmann
300 _ai-18, : 424 : p. : cm. ; 27
365 _cRS
_b25
999 _c8937
_d8937